000 02719nam a22002777a 4500
003 OSt
005 20220622204502.0
008 220622b ||||| |||| 00| 0 eng d
040 _bEnglish.
_cCvSU-CCAT Campus Library.
_erda.
050 _aUM QA 76.9.U83
_bR63 2018
100 _aRodriguez, Gerald Ross I., author.
_95579
245 _aFood Unavailability Timer Display for Fast food Restaurants /
_cGerald Ross I. Rodriguez.
260 _aRosario, Cavite :
_bCavite State University-CCAT Campus,
_c2018
300 _axiii, 66 leaves :
_billustrations ;
_c28 cm
500 _aDesign Project (BSCpE)--Cavite State University-CCAT Campus, 2018.
504 _aIncludes bibliographical references and appendices.
520 _aRODRIGUEZ, GERALD ROSS I. Food Unavailability Timer Display for Fast food Restaurants. Design Project. Department of Engineering. Cavite State University Cavite College of Arts and Trades Campus, Rosario, Cavite. June 2018. Adviser: Engr. John Michael A. Dharma. Technical critic: Diane P. Arayata. The study was conducted from July 2017 to April 2018 to develop the food unavailability timer display for fast-food restaurants. Specifically, the study aimed to (1) design and construct a timer display for fast-food restaurants that can inform customers on unavailability and availability of selected products or services; (2) test the prototype and the graphical user interface in terms of functionality, construction, realizability, impact and presentation; (3) conduct cost and analysis of the system. The prototype technological design was evaluated by thirty respondents. Five parameters were identified and used to assess the graphical user interface elements and its output display. The results revealed that the food unavailability timer display in fast-food restaurants has consistent performances, user friendly graphic user interface, and good output display. Every element on graphic user interface were working accordingly to its function, the buttons responded to a series of clicks as well as the drop-down menu and the textbox. The result of system evaluation in terms of the assessment parameters with their respective criteria showed that the assessment was excellent with a grand mean of 4.7 and its justifies that it can be used for long-hour operations.
650 _aFood timer display for fast-food restaurant.
_95580
650 _aGraphical user interface.
_95581
650 _aQuick service industry.
_95582
650 _aSystem cost analysis.
_95583
700 _aDharma, John Michael A., adviser.
_95496
700 _aArayata, Dinae P., critic.
_95257
942 _2lcc
_cT/M/D
_hQA 76.9.U83
_iR63 2018
_kUM
999 _c1765
_d1765